000 00202nam a22000857a 4500
999 _c11041
_d11041
008 180802b ||||| |||| 00| 0 eng d
100 _aMilbourne Anna
_96825
245 _aArabian Nights
260 _aNew Delhi